[Event "Challenge"]
[Site "http://www.queenalice.com/game.php?id=218769"]
[Date "2007.5.31"]
[Round "-"]
[White "lolothebest"]
[Black "carlosafonso"]
[Result "1-0"]
[WhiteElo "1529"]
[BlackElo "1410"]

1. e4 e5 2. a3 Nf6 3. Qf3 d5 4. exd5 e4 5. Qb3 Nxd5 6. Be2 a6 7. Bc4 c6 8. Ne2
b5 9. Bxd5 cxd5 10. O-O Be6 11. Nd4 Bc8 12. f3 Bc5 13. c3 Bxd4+ 14. cxd4 Be6 15.
fxe4 dxe4 16. Qe3 O-O 17. Qxe4 Bd5 18. Qg4 Be6 19. Qg3 Qxd4+ 20. Rf2 f5 21. d3
Rf6 22. Bg5 Rg6 23. Qf3 Ra7 24. Be3 Qxd3 25. Bxa7 Qxf3 26. Rxf3 Rxg2+ 27. Kxg2
Bd5 28. Bxb8 g5 29. Kf2 Be4 30. Nd2 Bxf3 31. Kxf3 Kf7 32. Rc1 g4+ 33. Kg3 1-0

[Event "Challenge"]
[Site "http://www.queenalice.com/game.php?id=218799"]
[Date "2007.5.31"]
[Round "-"]
[White "lolothebest"]
[Black "mp3"]
[Result "1-0"]
[WhiteElo "1491"]
[BlackElo "1439"]

1. e4 e5 2. a4 d6 3. Bc4 Be6 4. Ba2 Qg5 5. d3 Qxg2 6. Qf3 Qxf3 7. Nxf3 Nc6 8.
Ng5 Nf6 9. Nxe6 fxe6 10. Bxe6 Nb4 11. Na3 Ng4 12. Bxg4 g6 13. Nb5 Kd8 14. Kd1 a6
15. Bg5+ Be7 16. c3 Nc6 17. Bxe7+ Nxe7 18. Na3 Rf8 19. Rf1 h5 20. Bh3 Rf3 21.
Bg2 Rf6 22. f3 c5 23. Nc4 b5 24. axb5 d5 25. exd5 Nxd5 26. b6 Rb8 27. Ra5 Nf4
28. Bh1 Nxd3 29. Kc2 Nf4 30. Rxc5 Ne6 31. Rd5+ Kc8 32. Nd6+ Kd7 33. Ne4+ Kc6 34.
Rd6+ Kb5 35. Nxf6 Nc5 36. Rb1 Nb7 37. Re6 Nc5 38. Rxe5 Rxb6 39. Nd7 1-0

[Event "Challenge"]
[Site "http://www.queenalice.com/game.php?id=218800"]
[Date "2007.5.31"]
[Round "-"]
[White "lolothebest"]
[Black "scottw"]
[Result "1-0"]
[WhiteElo "1551"]
[BlackElo "1100"]

1. e4 e5 2. a4 Nc6 3. Bc4 Bc5 4. Qf3 Nf6 5. Ba2 Nd4 6. Qd1 O-O 7. c3 Ne6 8. b4
Bb6 9. a5 Bxf2+ 10. Kxf2 Nxe4+ 11. Kf1 Qf6+ 12. Qf3 Nf4 13. d3 Ng5 14. Qf2 Qf5
15. Bxf4 exf4 16. Nd2 Qxd3+ 17. Qe2 Qxc3 18. Re1 f3 19. Ngxf3 Nxf3 20. gxf3 Qxb4
21. Rg1 Qxa5 22. Qe8 d5 23. Qe5 Qxa2 24. Qxg7# 1-0

[Event "Challenge"]
[Site "http://www.queenalice.com/game.php?id=218802"]
[Date "2007.5.31"]
[Round "-"]
[White "lolothebest"]
[Black "bacana"]
[Result "0-1"]
[WhiteElo "1491"]
[BlackElo "1556"]

1. e4 e5 2. Nf3 Nc6 3. a4 Nf6 4. d3 Be7 5. c3 d6 6. b4 a6 7. Qb3 O-O 8. Be2 Be6
9. c4 h6 10. a5 Qd7 11. b5 axb5 12. Qxb5 Rfb8 13. Bd2 b6 14. a6 Ra7 15. O-O Rba8
16. h3 Nb8 17. Qb4 Rxa6 18. Rxa6 Rxa6 19. Nc3 c6 20. Nh4 d5 21. c5 Bxc5 22. Qb1
d4 23. Nd1 Ra2 24. f4 Rxd2 25. Re1 exf4 26. Nf3 Ra2 27. Ne5 Qa7 28. Nf2 Bd6 29.
Nc4 Bxc4 30. dxc4 Nbd7 31. Nd3 Qa5 32. g4 Qd2 33. e5 Bxe5 34. Nxe5 Nxe5 35. Kf1
f3 36. Qd1 fxe2+ 37. Qxe2 Qf4+ 38. Kg1 Rxe2 39. Rxe2 Ne4 40. Rb2 Nf3+ 41. Kf1
Qc1+ 0-1

[Event "Challenge"]
[Site "http://www.queenalice.com/game.php?id=218805"]
[Date "2007.5.31"]
[Round "-"]
[White "lolothebest"]
[Black "catfishcore"]
[Result "0-1"]
[WhiteElo "1485"]
[BlackElo "1153"]

1. e4 b6 2. a4 Bb7 3. Qf3 e6 4. Bc4 Bc5 5. Ba2 f5 6. Qb3 Bxe4 7. f3 Bd5 8. Qb5
Qh4+ 9. g3 Qd4 10. Nh3 a6 11. Qf1 Nc6 12. c3 Qe5+ 13. Kd1 Bxa2 14. Rxa2 Be7 15.
f4 Qd5 16. Ra3 Bxa3 17. bxa3 Qb3+ 18. Ke2 Qxb1 19. Qg2 Nge7 20. Nf2 O-O-O 21.
Nd3 d5 22. Nb4 Nxb4 23. axb4 Qc2 24. Qf1 Qxa4 25. Kf2 Qc6 26. Qxa6+ Kd7 27. Ba3
Ra8 28. b5 Qc4 29. Qb7 Rxa3 30. Rb1 d4 31. Kg2 Nd5 32. d3 Qxc3 33. Kh3 Qxd3 34.
Qc6+ Ke7 35. Re1 Ne3 36. Qxc7+ Kf6 37. Rc1 Rc3 38. Qe5+ Kf7 39. Ra1 Ng4 40. Ra7+
Kg6 41. Kh4 Nxe5 0-1

[Event "Challenge"]
[Site "http://www.queenalice.com/game.php?id=218807"]
[Date "2007.5.31"]
[Round "-"]
[White "lolothebest"]
[Black "SGF"]
[Result "0-1"]
[WhiteElo "1571"]
[BlackElo "1540"]

1. e4 e5 2. Nf3 Qf6 3. b3 d5 4. exd5 e4 5. c3 exf3 6. gxf3 Ne7 7. Bb2 Qe5+ 8.
Be2 Qxd5 9. c4 Qg5 10. h4 Qg2 11. Rf1 Qh2 12. Nc3 Bh3 13. Ne4 Bxf1 14. Bxf1 Nf5
15. a4 Nxh4 16. Qe2 Ng2+ 17. Bxg2 Qxg2 18. Kd1 Ba3 19. Rb1 Bxb2 20. Rxb2 Nc6 21.
Nf6+ Kf8 22. Qe8+ Rxe8 23. Nxe8 Kxe8 24. d3 Qxf3+ 25. Re2+ Kd8 26. Kd2 Qf4+ 27.
Re3 Qxf2+ 28. Re2 Qf4+ 29. Kd1 Qf3 30. d4 Nxd4 31. Ke1 Qxe2# 0-1

[Event "Challenge"]
[Site "http://www.queenalice.com/game.php?id=218809"]
[Date "2007.5.31"]
[Round "-"]
[White "lolothebest"]
[Black "Alcar"]
[Result "0-1"]
[WhiteElo "1384"]
[BlackElo "1692"]

1. e4 e5 2. a4 Nc6 3. Bc4 Nf6 4. Ba2 Bc5 5. c3 Nxe4 6. Qf3 Nf6 7. g4 d5 8. g5 e4
9. Qf4 Nh5 10. Qh4 g6 11. b4 Be7 12. f4 Qd6 13. Ne2 O-O 14. Bb2 f6 15. Rg1 Be6
16. gxf6 Bxf6 17. Qf2 Bg7 18. Ba3 Ne7 19. b5 Qd7 20. Nd4 Nxf4 21. Ne2 Nd3+ 22.
Kd1 Nxf2+ 23. Kc2 Nd3 24. Nd4 Nf5 25. Nxf5 Rxf5 0-1

[Event "Challenge"]
[Site "http://www.queenalice.com/game.php?id=218810"]
[Date "2007.5.31"]
[Round "-"]
[White "lolothebest"]
[Black "wellcome"]
[Result "1-0"]
[WhiteElo "1564"]
[BlackElo "1512"]

1. e4 e5 2. Bc4 Qf6 3. Qf3 Qxf3 4. Nxf3 d6 5. O-O Be6 6. b3 Bxc4 7. bxc4 Nc6 8.
d3 O-O-O 9. a4 Nf6 10. Nc3 h5 11. Nb5 a6 12. Nc3 Nd4 13. Ne1 g6 14. Bg5 Be7 15.
Rc1 Ng8 16. Be3 Ne6 17. Nd5 Nf6 18. Nxe7+ Kb8 19. Nd5 Nxd5 20. exd5 Nc5 21. Rb1
Nxa4 22. Rb4 Nc5 23. d4 exd4 24. Bg5 Rde8 25. Nf3 a5 26. Rb5 b6 27. Nxd4 Re4 28.
Nc6+ Kc8 29. Na7+ Kd7 30. f3 Rxc4 31. Re1 Rxc2 32. Re7+ Kd8 33. Nc6+ Kc8 34. Be3
Ra2 35. Na7+ Kb7 36. Bd4 Kxa7 37. Bxh8 Ka6 38. Rb1 Nd3 39. Rxc7 Nf4 40. Kf1 Rxg2
41. Bd4 b5 42. Rc6+ Kb7 43. Rxb5+ 1-0

[Event "Challenge"]
[Site "http://www.queenalice.com/game.php?id=218811"]
[Date "2007.5.31"]
[Round "-"]
[White "lolothebest"]
[Black "wellcome"]
[Result "1/2-1/2"]
[WhiteElo "1501"]
[BlackElo "1516"]

1. e4 e5 2. a4 Bc5 3. Bc4 Qf6 4. Nh3 d6 5. Qh5 g6 6. Qg5 Qxg5 7. Nxg5 Be6 8.
Nxe6 fxe6 9. Bxe6 Ne7 10. c3 Rf8 11. O-O Rf6 12. b4 Rxe6 13. bxc5 dxc5 14. Ba3
Nbc6 15. Bxc5 O-O-O 16. a5 a6 17. Na3 Rxd2 18. Rad1 Rxd1 19. Rxd1 Nxa5 20. g4 b6
21. Bb4 c5 22. Bxa5 bxa5 23. Ra1 Rd6 24. Nc4 Rd3 25. Nxe5 Rxc3 26. Rxa5 Kb7 27.
Nd7 Rc1+ 28. Kg2 c4 29. e5 Re1 30. Nf6 c3 31. Rc5 Rc1 32. Ne4 c2 33. Nd6+ Kb6
34. Rc3 Nd5 35. Rb3+ Ka7 36. Nc8+ Ka8 37. Rb2 a5 38. e6 Re1 39. Rxc2 Rxe6 40.
Rd2 Nf4+ 41. Kg3 g5 42. Rd8 Ne2+ 43. Kg2 Nf4+ 44. Kg3 Kb7 45. Nd6+ Kc7 46. Nf7
Ne2+ 47. Kg2 Re7 48. Rd2 Nf4+ 49. Kg3 Rxf7 50. Rc2+ Kb7 51. Rb2+ Ka6 52. h4
gxh4+ 53. Kxh4 Rf6 54. Kg5 Nd5 55. Rd2 h6+ 56. Kh4 Rf4 57. Rxd5 Rxf2 58. Rd6+
Kb5 59. Rxh6 Rh2+ 60. Kg5 Rxh6 61. Kxh6 a4 62. g5 a3 63. g6 a2 64. Kh7 a1=Q 65.
g7 Qa7 66. Kh8 Qxg7+ 67. Kxg7 Kb4 68. Kf8 Kb3 1/2-1/2

[Event "Challenge"]
[Site "http://www.queenalice.com/game.php?id=218813"]
[Date "2007.5.31"]
[Round "-"]
[White "lolothebest"]
[Black "Yunta"]
[Result "1-0"]
[WhiteElo "1531"]
[BlackElo "1628"]

1. e4 e5 2. Nf3 d6 3. a4 Nf6 4. Bc4 Nxe4 5. O-O Be7 6. Ba2 h5 7. d3 Ng5 8. Nxg5
Bxg5 9. Qf3 Bg4 10. Qd5 c6 11. Qxf7# 1-0

[Event "Challenge"]
[Site "http://www.queenalice.com/game.php?id=218814"]
[Date "2007.5.31"]
[Round "-"]
[White "lolothebest"]
[Black "wellcome"]
[Result "0-1"]
[WhiteElo "1538"]
[BlackElo "1479"]

1. e4 e5 2. a4 Qf6 3. Bc4 Bc5 4. Nh3 d6 5. O-O Bxh3 6. gxh3 Ne7 7. c3 O-O 8. Kh1
Bxf2 9. Rxf2 Qxf2 10. Qg1 Qf3+ 11. Qg2 Qxg2+ 12. Kxg2 Nbc6 13. d3 Rad8 14. Bg5
h6 15. Be3 a5 16. b4 axb4 17. cxb4 Nxb4 18. Na3 Ra8 19. Rf1 d5 20. exd5 Nexd5
21. Bc5 Rfd8 22. Rb1 Na6 23. Bxa6 bxa6 24. Nc4 Nf4+ 25. Kg3 Nxd3 26. Be3 Nc5 27.
Bxc5 Rd3+ 28. Kg4 Rc3 29. Nxe5 Rxc5 30. Re1 Re8 31. Kf4 f6 32. Nd3 Rxe1 33. Nxe1
Rc4+ 34. Ke3 f5 35. Ng2 Rxa4 36. h4 h5 37. Nf4 Ra2 38. h3 c5 39. Nxh5 Ra3+ 40.
Kf4 g6 41. Nf6+ Kf7 42. Kg5 Rg3+ 43. Kf4 Rxh3 44. Nd5 Rxh4+ 45. Ke5 Re4+ 46. Kd6
Rd4 47. Kxc5 Rxd5+ 48. Kxd5 a5 49. Kc4 f4 50. Kb5 f3 51. Kxa5 f2 52. Kb5 f1=Q+
53. Kc5 g5 54. Kd5 g4 55. Kd6 g3 56. Kd5 g2 57. Kd6 g1=Q 58. Kd5 Qd1+ 59. Ke5
Qgd4+ 0-1

[Event "Challenge"]
[Site "http://www.queenalice.com/game.php?id=219368"]
[Date "2007.6.1"]
[Round "-"]
[White "lolothebest"]
[Black "debia"]
[Result "0-1"]
[WhiteElo "1554"]
[BlackElo "1554"]

1. e4 e5 2. g3 Nc6 3. Bg2 d6 4. d3 Be6 5. Nh3 h6 6. O-O Nf6 7. c4 h5 8. a4 a5 9.
Ng5 Bg4 10. f3 Bxf3 11. Qxf3 Nd4 12. Qd1 h4 13. gxh4 Rxh4 14. Na3 c6 15. Qe1 Rg4
16. h4 g6 17. Be3 Nb3 18. Qd1 Nxa1 19. Qxa1 Bh6 20. Qe1 Qe7 21. Kh1 O-O-O 22.
Bh3 Kb8 23. Qf2 Bxg5 24. hxg5 Nh5 25. Bxg4 Qf8 26. Ba7+ Ka8 27. Rd1 Qe7 28. Bb6
Rh8 29. Bxa5 Qxg5 30. Bh3 Nf4 31. Qh2 Rxh3 32. Rg1 Qh4 33. Rg2 Nxg2 34. Bd8
Rxh2+ 35. Kg1 Rh1+ 36. Kxg2 Qh2+ 37. Kf3 Rf1+ 0-1

[Event "Challenge"]
[Site "http://www.queenalice.com/game.php?id=220073"]
[Date "2007.6.2"]
[Round "-"]
[White "lolothebest"]
[Black "Yunta"]
[Result "0-1"]
[WhiteElo "1447"]
[BlackElo "1671"]

1. e4 e5 2. a4 d5 3. d3 dxe4 4. dxe4 Qxd1+ 5. Kxd1 a5 6. Nc3 c6 7. g3 Bg4+ 8. f3
Bh5 9. g4 Bg6 10. g5 Nd7 11. Bd3 O-O-O 12. Be3 Bc5 13. Bxc5 Nxc5 14. h4 Ne7 15.
h5 Nxd3 16. cxd3 h6 17. hxg6 Nxg6 18. b4 Nf4 19. bxa5 Nxd3 20. Kc2 c5 21. Nb5 c4
22. Ne2 Nb2 23. Kxb2 Rd2+ 24. Kb1 Rxe2 25. Rc1 hxg5 26. Rxc4+ Kb8 27. Rb4 Rh1#
0-1

[Event "Challenge"]
[Site "http://www.queenalice.com/game.php?id=220955"]
[Date "2007.6.5"]
[Round "-"]
[White "lolothebest"]
[Black "ManofBlack"]
[Result "0-1"]
[WhiteElo "1406"]
[BlackElo "1531"]

1. e4 c5 2. a4 d6 3. Bc4 h5 4. Qf3 Nf6 5. Ba2 Bg4 6. Qb3 b6 7. h3 Be6 8. Qb5+
Bd7 9. Qc4 Be6 10. Qd3 Bd7 11. Qb3 Be6 12. c4 Nxe4 13. Ne2 g5 14. Qe3 Bf5 15.
Ng3 Bg6 16. Nxe4 Bg7 17. Nxg5 f6 18. Ne6 Qd7 19. Nxg7+ Kf7 20. Qf3 Na6 21. O-O
Nb4 22. Na3 Nd3 23. Nb5 Kxg7 24. Qd5 Nf4 25. Qf3 e5 26. Bb1 Bxb1 27. Qg3+ Kf7
28. Rxb1 Ne2+ 29. Kh2 Nxg3 30. Kxg3 h4+ 31. Kh2 Rag8 32. Rg1 a6 33. Nc3 Qc6 34.
f3 Rg3 35. Ne2 Rg6 36. f4 Rhg8 37. g4 hxg3+ 38. Nxg3 Rh8 39. fxe5 dxe5 40. d3
Qf3 41. b4 Qf2+ 0-1

[Event "Challenge"]
[Site "http://www.queenalice.com/game.php?id=220957"]
[Date "2007.6.5"]
[Round "-"]
[White "lolothebest"]
[Black "Bidas"]
[Result "0-1"]
[WhiteElo "1447"]
[BlackElo "1545"]

1. e4 e5 2. a4 Bc5 3. Bc4 d6 4. Qf3 Be6 5. Ba2 a5 6. Nh3 h6 7. O-O Nf6 8. Qg3
Bg4 9. c3 Qd7 10. Kh1 Nxe4 11. Qh4 g5 12. Nxg5 Nxg5 13. h3 Bxh3 14. Qh5 Qf5 15.
Rg1 Qxf2 16. Rd1 Qxg2# 0-1

[Event "Challenge"]
[Site "http://www.queenalice.com/game.php?id=220964"]
[Date "2007.6.5"]
[Round "-"]
[White "lolothebest"]
[Black "MrMarcos_br"]
[Result "0-1"]
[WhiteElo "1485"]
[BlackElo "1289"]

1. e4 e5 2. a4 c6 3. Bc4 d5 4. exd5 cxd5 5. Ba2 Nf6 6. Nf3 Nc6 7. O-O Bg4 8. h3
Bh5 9. c3 e4 10. Nd4 Bxd1 11. Rxd1 Bc5 12. b4 Nxd4 13. cxd4 Bxd4 14. Nc3 Qb6 15.
Rf1 Qxb4 16. Rb1 Qc5 17. Rxb7 a6 18. Rb3 O-O 19. Ba3 Qa7 20. Rb4 Bc5 21. Rb3
Bxa3 22. Rxa3 Qd4 23. Nb1 Rab8 24. Rg3 Rb4 25. h4 Rxa4 26. Bb3 Rb4 27. Bc2 Rc8
28. Na3 Qxd2 29. Rd1 Qe2 30. Rf1 Rxc2 31. Nxc2 Qxc2 32. Rg5 h6 33. Rf5 Rb1 34.
Rxb1 Qxb1+ 35. Kh2 Qb8+ 36. g3 Qd6 37. Kh3 g6 38. Rf4 Qe6+ 0-1

[Event "Challenge"]
[Site "http://www.queenalice.com/game.php?id=220965"]
[Date "2007.6.5"]
[Round "-"]
[White "lolothebest"]
[Black "Kaka"]
[Result "0-1"]
[WhiteElo "1395"]
[BlackElo "1513"]

1. e4 d5 2. e5 e6 3. b3 Bb4 4. a3 Bc5 5. Nh3 Qh4 6. g3 Qe4+ 7. Qe2 Qxh1 8. f3 a6
9. c3 d4 10. b4 d3 11. Qxd3 Qxh2 12. bxc5 Qxg3+ 13. Nf2 Nc6 14. a4 Na5 15. c4
Nh6 16. Ra3 Bd7 17. Qd4 c6 18. f4 Nf5 19. Qe4 h5 20. Rxg3 Nxg3 21. Qg2 h4 22.
Qf3 b5 23. cxb5 axb5 24. axb5 Rb8 25. b6 Rb7 26. Ba3 f5 27. Ba6 Rb8 28. Qc3 Nb7
29. Bb2 g6 30. d4 g5 31. fxg5 f4 32. Bc1 Nf5 33. Bxf4 Nd8 0-1

[Event "Challenge"]
[Site "http://www.queenalice.com/game.php?id=220973"]
[Date "2007.6.5"]
[Round "-"]
[White "lolothebest"]
[Black "ulisses34"]
[Result "0-1"]
[WhiteElo "1503"]
[BlackElo "1446"]

1. e4 e5 2. a4 c5 3. Bc4 Nf6 4. Ba2 Nxe4 5. Qf3 d5 6. Ne2 c4 7. d3 Ng5 8. Bxg5
Qxg5 9. dxc4 d4 10. c5 Qe7 11. O-O Na6 12. Re1 Nb4 13. Bb3 Be6 14. Rc1 Qf6 15.
Qxb7 Qd8 16. Qxb4 Rc8 17. Qb7 Bxc5 18. c4 Rb8 19. Qc6+ Qd7 20. Qf3 Bg4 21. Qd3
a5 22. Re1 O-O 23. Qg3 Rbe8 24. h3 Bb4 25. Rf1 Bxe2 26. Re1 Bxe1 27. Bc2 d3 28.
Na3 Bb4 29. h4 dxc2 30. Nxc2 Bd6 31. h5 e4 32. Qg5 f6 33. Qd5+ Qe6 34. Qb7 Re7
35. Qb3 Bxh5 36. Nd4 Qe5 37. c5+ Bf7 38. Qe3 Qh2+ 39. Kf1 Bxc5 40. Ke2 Bxd4 41.
Qxd4 Qh5+ 42. Kd2 Qg5+ 43. Kc3 Rc7+ 0-1

[Event "Challenge"]
[Site "http://www.queenalice.com/game.php?id=228519"]
[Date "2007.6.21"]
[Round "-"]
[White "mogerio"]
[Black "lolothebest"]
[Result "1-0"]
[WhiteElo "1300"]
[BlackElo "1337"]

1. e4 Nc6 2. Nf3 e6 3. Nc3 Bb4 4. Nd4 Nxd4 5. g3 Bc5 6. Bh3 Qf6 7. O-O g5 8. d3
Nh6 9. Ne2 Nxe2+ 10. Qxe2 Rg8 11. Be3 b6 12. Rae1 g4 13. Bg2 Bb7 14. f3 gxf3 15.
Bxf3 d6 16. Rf2 Kd7 17. Bg4 Qe5 18. d4 1-0